000 00558nam a2200193Ia 4500
005 20250326141237.0
008 250326s9999 xx 000 0 und d
020 _a81-203-0849-2
037 _aTextbook
040 _aFMSL
_beng
_cFMSL
041 _aeng
_2eng
084 _aSNIobx:8 N2
_qFMSL
100 _aRobbins S P
_9308447
245 0 _aEssentials of organizational behavior
_cRobbins S P
260 _aNew Delhi
_bNew Delhi, Prentice Hall of India
_c1992
300 _a319p
942 _cTB
_hSNIobx:8 N2
999 _c1289398
_d1289398